000 00667nam a2200205 i 4500
001 147049
003 ES-MaACL
005 20250804062548.0
007 t|
008 070920q1971 sp ||||1| spa d
100 1 _aTurguenev, Ivan Sergueevich,
_d1818-1883
_9133416
245 1 0 _aPadres e hijos /
_cIvan Turgueniev ; [traducción Tatiana Pérez Sacristán].
260 _aMadrid :
_bAlianza,
_c[1971]
300 _a227 p. ;
_c18 cm.
490 1 _aEl Libro de Bolsillo ;
_v322
700 1 _aPérez Sacristán, Tatiana.
_991137
830 0 3 _aEl libro de bolsillo
_v322
_9177802
852 _aES-MaACL
_jC-45435
_bR.78473
999 _c147049
_d147049